Escritos sobre derecho penal: nacimiento, evolución y estado actual del garantismo penal
Salvato in:
| Autori principali: | , |
|---|---|
| Natura: | Libro |
| Lingua: | spagnolo |
| Pubblicazione: |
Buenos Aires
Hammurabi
2014
|
| Edizione: | 1a. ed |
| Serie: | Escritos Completos Sobre Derecho Penal
|
| Soggetti: | |
| Tags: |
Aggiungi Tag
Nessun Tag, puoi essere il primo ad aggiungerne!!
|
MARC
| LEADER | 00000cam a2200000 a 4500 | ||
|---|---|---|---|
| 001 | UCE5225 | ||
| 003 | CL-VaPUC | ||
| 008 | 141211e20140800ag |||||||||||||||||spa|d | ||
| 020 | |a 9789507416576o.c | ||
| 020 | |a 9789507416583v.1 | ||
| 020 | |a 9789507416590v.2 | ||
| 082 | 0 | 4 | |a 345 |b FER |2 21 |
| 100 | |a Ferrajoli, Luigi |e autor |9 522506 | ||
| 700 | |a Guzmán, Nicolás |e author |9 577750 | ||
| 245 | 1 | 0 | |a Escritos sobre derecho penal: nacimiento, evolución y estado actual del garantismo penal |
| 250 | |a 1a. ed | ||
| 300 | |a v | ||
| 942 | |c BK | ||
| 945 | |d 20141211 14:14:00 |a arojas | ||
| 260 | |a Buenos Aires |b Hammurabi |c 2014 | ||
| 650 | 7 | |a DERECHO PENAL |2 CL-VaPUC |9 11 | |
| 650 | 7 | |a GARANTISMO |2 CL-VaPUC |9 439479 | |
| 650 | 0 | |a Democracia |9 255256 | |
| 650 | 7 | |a FINES DEL DERECHO |2 CL-VaPUC |9 377214 | |
| 650 | 0 | |a Proceso penal |9 381370 | |
| 650 | 0 | |a Estado de derecho |9 257795 | |
| 583 | |a last modification |c 20141211 14:14:00 |k Rodrigo Vera | ||
| 490 | 0 | |a Escritos Completos Sobre Derecho Penal | |
| 999 | |c 357987 |d 357985 | ||
| 952 | |0 0 |1 0 |3 erb |4 0 |6 345_000000000000000_FER_2014 |7 0 |8 A |9 466190 |a BIBDER |b BIBDER |h v.2 |i 5129516 |l 1 |o 345 FER 2014 |p 5129516 |r 2025-05-05 |s 2025-04-14 |w 2019-11-23 |y BK |z Catalogado en:20141211 |k DER | ||